Pokemon Category Elimination #3 - Statistics

General Stats
  • This quiz has been taken 593 times
  • The average score is 14 of 25
Answer Stats
Question No. Hint Answer % Correct
Category 2 19 A pokeball with a 1x catch rate
87%
Category 4 32 A Pokemon that can only be female
87%
Category 4 21 Neither Normal nor Fairy type
83%
Category 1 100 Any TM as of the gen 8 list (not including TRs)
72%
Category 3 14 An evolutionary item that requires trading
70%
Category 3 11 Introduced before gen 5
69%
Category 5 81 A Pokemon with the maximum catch rate (255)
69%
Category 1 70 A damage dealing move
68%
Category 3 7 Evolves a pokemon introduced in gen 1
68%
Category 4 8 Contains an 'L'
63%
Category 2 8 Cannot be purchased
60%
Category 3 2 Used by multiple Pokemon to evolve
58%
Category 5 44 Neither normal nor bug type
58%
Category 2 3 Begins with an L
57%
Category 2 2 Has an 8x catch rate
53%
Category 5 28 Only one type
53%
Category 2 1 Never works well on genderless pokemon Love Ball
53%
Category 3 1 Boosts the power of a move type when held Metal Coat
49%
Category 1 16 Shares typing with any of the four weather changing moves
44%
Category 5 3 Dark type
44%
Category 4 3 Introduced in gen 5
36%
Category 5 1 The ‘Devious’ Pokemon Purrloin
30%
Category 4 1 Part Dark type Vullaby
27%
Category 1 5 Special type move
26%
Category 1 1 Move power doubles when opponent is below 50% health Brine
19%
No matching quizzes found
Score Distribution
Percent of People with Each Score
Percentile by Number Answered
Your Score History
You have not taken this quiz